000 00717nam a2200217Ii 4500
003 JO-AjNU
008 230605s9999||||xx |||||||||||||| ||und||
017 _a2018/5/2611
040 _aJO-AjNU
_bara
_erda
_cJO-AjNU
041 _aara
050 1 4 _aPJ7848.K8.A15 2018
100 3 _aخضير، محمد,
_eauthor
_958463
245 0 0 _aغرفة في درجة 45 مئوي
264 3 1 _aعمان: وزارة الثقافة، 2018
300 _a145ص
336 _atext
_btxt
_2rdacontent
337 _aunmediated
_bn
_2rdamedia
338 _avolume
_bnc
_2rdacarrier
490 0 _aمكتبة الاسرة الاردنية/ مهرجان القراءة للجميع، 2018
650 4 _aروايات عربية
_958464
999 _aA26255
_c29823
_d29823